000 00262nam a2200109Ia 4500
008 200302s9999 xx 000 0 und d
100 _aJ. E. Gordon
245 _aStructures or why things don't fall down
260 _bDacapo Press
260 _c2003
300 _a395
999 _c7032
_d7032